Los cínicos no sirven para este oficio sobre el buen periodismo (Registro nro. 54450)

Detalles MARC
000 -ENCABEZADO
Número de control [NR] 01082nam a2200277Ia 4500
008 - DE LONGITUD FIJA DE DATOS DE ELEMENTOS - INFORMACIÓN GENERAL
Elementos de longitud fija [NR] 130821s2006 sp gr spa
020 ## - NUMERO INTERNACIONAL NORMALIZADO PARA LIBROS [R]
Número Internacional Normalizado del libro [NR] 9788433967961
040 ## - FUENTE DE CATALOGACION [NR]
Quien Cataloga
Quien Clasifica Aldemar Mondragón (modificó)
Idioma de catalogación [NR] spa
041 00 - CODIGO DE IDIOMA [R]
Código de idioma para texto/pista de sonido o título separado [R] Español
100 1# - ASIENTO PRINCIPAL--NOMBRE PERSONAL [NR]
Nombre personal [NR] Kapúscinski, Ryszard
Fechas asociadas con el nombre [NR] 1932-2007
ID Autoridad 27985
245 14 - MENCION DE TITULO [NR]
Título [NR] Los cínicos no sirven para este oficio sobre el buen periodismo
Mención de responsabilidad, etc. [NR] Ryszard Kapúscinski ; edición de María Nadotti ; traducción de Xavier González Rovira
250 ## - MENCION DE EDICION [NR]
Mención de edición [NR] 3a ed
260 ## - PUBLICACION, DISTRIBUCION, ETC. (PIE DE IMPRENTA) [R]
Lugar de publicación, distribución, etc. [R] Barcelona (España)
Nombre del editor, distribuidor, etc. [R] Editorial Anagrama
Fecha de publicación, distribución, etc. [R] 2006
300 ## - DESCRIPCION FISICA [R]
Extensión [R] 124 páginas
490 ## - MENCION DE SERIE [R]
Mención de serie [R] Compactos
Designación numérica/secuencial del volumen [NR] 365
600 14 - ASIENTO SECUNDARIO DE MATERIA - NOMBRE PERSONAL [R]
Nombre personal [NR] Kapuscinski, Ryszard
Fechas asociadas con el nombre [NR] 1932-2007
Subdivisión de forma [R] Entrevistas
9 (RLIN) 27986
650 ## - ASIENTO SECUNDARIO DE MATERIA - TERMINO TEMATICO [R]
Término temático o nombre geográfico como elemento de entrada [NR] Comunicación
650 #7 - ASIENTO SECUNDARIO DE MATERIA - TERMINO TEMATICO [R]
Término temático o nombre geográfico como elemento de entrada [NR] Ética periodística
9 (RLIN) 15255
650 #7 - ASIENTO SECUNDARIO DE MATERIA - TERMINO TEMATICO [R]
Término temático o nombre geográfico como elemento de entrada [NR] Filosofía del periodismo
9 (RLIN) 15798
650 #7 - ASIENTO SECUNDARIO DE MATERIA - TERMINO TEMATICO [R]
Término temático o nombre geográfico como elemento de entrada [NR] Periodismo como profesión
9 (RLIN) 21343
650 #7 - ASIENTO SECUNDARIO DE MATERIA - TERMINO TEMATICO [R]
Término temático o nombre geográfico como elemento de entrada [NR] Periodismo
9 (RLIN) 7909
700 ## - ASIENTO SECUNDARIO - NOMBRE PERSONAL [R]
Nombre personal [NR] González Rovira, Xavier
Término de relación [R] traductor
9 (RLIN) 27987
700 ## - ASIENTO SECUNDARIO - NOMBRE PERSONAL [R]
Nombre personal [NR] Nadotti, María
9 (RLIN) 27988
942 ## - ELEMENTOS DE ENTRADA AGREGADOS (KOHA)
Tipo de ítem principal el descrito en 300a Libro
Tema principal Comunicación
Edición 3
Parte restante de la signatura top. K179c
Sistema de clasificación DEWEY
Clasificación 070.4
Existencias
Fecha de último préstamo Total préstamos Total Renewals Signatura topográfica Código de barras Última vez visto Volúmen / Fascículo Ejemplar Price effective from Tipo de ítem Perdido Sistema de clasificación Dañado No prestable Tipo de ítem específico Suprimido Ubicación habitual Ubicación actual Localización Fecha de creación Forma de adquisición Costo
10/08/2023 11 11 070.4 K179c 100088034 05/12/2025 3a. Ed. Ej.1 03/02/2013 Libro   DEWEY     Libro   Claustro Claustro 2do piso 28/02/2013 Compra 21900.00
04/02/2020 39 13 070.4 K179c 100088238 05/12/2025 3a. Ed. Ej.2 03/02/2013 Libro   DEWEY     Libro   Claustro Claustro 2do piso 28/02/2013 Compra 21900.00
08/02/2023 13 7 070.4 K179c 100131037 05/12/2025 8a. Ed. Ej.3 03/02/2013 Libro   DEWEY     Libro   Claustro Claustro 2do piso 28/02/2013 Compra 21520.00